000 00477nam a2200181Ia 4500
003 OSt
005 20250806111737.0
008 210210b1931 xxu||||| |||| 00| 0 eng d
040 _cAL
041 _akan
082 _a859/514
100 _aCHIDAMBARA DIKSHITH ಚಿದಂಬರ ದೀಕ್ಷಿತ್
_9149231
245 _aVIrakanta:
_bವೀರಕಂಠ
260 _aAnandavana
_b-
_c1931
690 _aKannada Fiction
_9149232
906 _a021374
942 _2ddc
_cBK
999 _c145456
_d145456